100 Biggest Cities of Slovakia on a Map - Statistics

General Stats
  • This quiz has been taken 676 times
  • The average score is 49 of 100
Answers on the Map
Answers color-coded by a green-red scale on the quiz's map according to % correct below.
 
Answer Stats
Population City % Correct
478,040 Bratislava
98%
225,044 Košice
95%
80,634 Žilina
84%
76,499 Nitra
83%
62,955 Trnava
83%
74,065 Banská Bystrica
82%
9,339 Banská Štiavnica
82%
82,286 Prešov
82%
54,065 Trenčín
77%
48,741 Poprad
76%
50,629 Martin
75%
32,114 Komárno
68%
22,892 Dunajská Streda
66%
30,006 Humenné
66%
30,040 Liptovský Mikuláš
66%
35,584 Michalovce
66%
26,548 Ružomberok
65%
36,410 Nové Zámky
64%
39,453 Zvolen
63%
34,544 Spišská Nová Ves
62%
29,964 Bardejov
61%
22,580 Čadca
61%
30,823 Levice
60%
15,238 Kežmarok
59%
42,980 Prievidza
59%
21,341 Rimavská Sobota
58%
37,261 Považská Bystrica
57%
19,790 Brezno
56%
24,506 Pezinok
56%
16,932 Rožňava
56%
18,101 Snina
56%
22,812 Trebišov
56%
19,296 Nové Mesto nad Váhom
55%
24,086 Topoľčany
55%
17,600 Dolný Kubín
54%
13,944 Levoča
54%
20,192 Senec
54%
9,361 Štúrovo
54%
26,668 Piešťany
53%
19,280 Senica
52%
15,461 Skalica
52%
25,018 Lučenec
51%
18,804 Malacky
51%
15,339 Galanta
50%
16,922 Púchov
50%
20,239 Šaľa
50%
15,628 Stará Ľubovňa
50%
9,770 Svidník
49%
14,380 Kysucké Nové Mesto
48%
10,547 Myjava
48%
7,465 Námestovo
48%
20,607 Partizánske
47%
12,169 Sabinov
47%
11,535 Bytča
46%
19,774 Hlohovec
45%
7,399 Vrútky
45%
20,488 Vranov nad Topľou
44%
16,879 Žiar nad Hronom
44%
13,629 Detva
43%
21,805 Dubnica nad Váhom
43%
10,958 Revúca
43%
15,166 Sereď
43%
16,359 Bánovce nad Bebravou
42%
9,788 Stropkov
42%
10,928 Holíč
41%
8,760 Tvrdošín
41%
15,608 Handlová
40%
9,683 Fiľakovo
39%
9,201 Modra
39%
13,635 Šamorín
39%
7,686 Svit
39%
6,978 Trstená
39%
7,222 Hurbanovo
38%
12,803 Stupava
38%
11,803 Zlaté Moravce
38%
10,457 Veľký Krtíš
37%
10,254 Moldava nad Bodvou
36%
6,992 Šahy
36%
7,352 Kráľovský Chlmec
35%
9,896 Bernolákovo
34%
10,428 Kolárovo
34%
8,584 Krompachy
34%
7,003 Liptovský Hrádok
34%
8,479 Veľké Kapušany
33%
7,172 Ivanka pri Dunaji
32%
7,510 Krupina
31%
8,254 Veľký Meder
31%
8,539 Sečovce
30%
8,379 Stará Turá
30%
6,909 Veľký Šariš
30%
6,858 Nová Baňa
29%
10,381 Nová Dubnica
29%
9,238 Šurany
29%
6,936 Turzovka
29%
8,323 Vráble
29%
7,690 Chorvátsky Grob
27%
8,828 Smižany
26%
8,014 Dunajská Lužná
25%
7,023 Hriňová
23%
7,992 Jarovnice
21%
No matching quizzes found
Score Distribution
Percent of People with Each Score
Percentile by Number Answered
Your Score History
You have not taken this quiz